000 00441nam a2200181Ia 4500
001 8156
005 20260306160548.0
008 260306t2014||||xx |||||||||||||| ||spa||
041 _aESP
082 _a370.114
_bP43
100 _aPereira Rúa, María de las Nieves
_eAUT
245 0 _aEl valor de formar con valores
260 _c2014
300 _a264 páginas :
_c23 cm.
650 _aGEN
654 _aCED
942 _cLIB
_dJUS
_fJUS
_2ddc
_n
999 _c8156
_d8156